[Event "GER-GRE Match"]
[Site "Fuerth GER"]
[Date "2002.09.02"]
[Round "3"]
[White "Mastrovasilis,D"]
[Black "Schmaltz,R"]
[Result "1/2-1/2"]
[WhiteElo "2462"]
[BlackElo "2547"]

1.e4 c5 2.Nf3 e6 3.Nc3 a6 4.d4 cxd4 5.Nxd4 d6 6.Bd3 Nf6 7.O-O Nbd7 8.Be3 g6
9.a4 b6 10.f4 Bb7 11.Qe2 Bg7 12.f5 e5 13.Nb3 O-O 14.Rad1 Qc7 15.g4 h6 16.fxg6 fxg6
17.g5 hxg5 18.Bxg5 Kh7 19.Rf3 Nh5 20.Nd5 Qc8 21.Rdf1 Rxf3 22.Qxf3 Bxd5 23.exd5 Ndf6
24.Nd2 Qc5+ 25.Kg2 Rf8 26.Ne4 Qxd5 27.Bxf6 Nf4+ 28.Kh1 Bxf6 29.Nxf6+ Rxf6
30.Qxd5 Nxd5 31.Rxf6 Nxf6 32.Bxa6 Kg7 33.Bb7 Kf7 34.b4 Ke7 35.c4 g5 36.Kg2 Kd7
37.Bd5 Kc7 38.Kg3 Kd7 39.Bf3 Kc7 40.Kf2 Kb8 41.Ke3 Kc7 42.Kd3 Kb8 43.h3 Ka7
44.Bg2 Ka6 45.Bf3 Ka7 46.Bc6 Ka6 47.Bf3 Ka7  1/2-1/2

[Event "II Open"]
[Site "Poio ESP"]
[Date "2002.09.02"]
[Round "3"]
[White "Outerelo Ucha,M"]
[Black "Barlov,D"]
[Result "0-1"]
[WhiteElo "2181"]
[BlackElo "2422"]

1.e4 c5 2.Nf3 e6 3.d4 cxd4 4.Nxd4 a6 5.Nc3 Ne7 6.Be2 Nbc6 7.O-O d6 8.Be3 b5
9.f4 Nxd4 10.Qxd4 Nc6 11.Qd2 Be7 12.a4 b4 13.Nd1 O-O 14.a5 Nxa5 15.Qxb4 Nc6
16.Qd2 Qc7 17.Nf2 Rd8 18.c4 Rb8 19.Ng4 f5 20.exf5 exf5 21.Nf2 Bf6 22.Nd1 Re8
23.Bf2 Nb4 24.Nc3 Be6 25.Rad1 Bxc4 26.Bxc4+ Qxc4 27.Qxd6 Red8 28.Qc5 Qxc5
29.Bxc5 Nd3 30.Ba3 Bd4+  0-1

[Event "5th Pyramiden-Franken Cup"]
[Site "Fuerth GER"]
[Date "2002.09.05"]
[Round "6"]
[White "Efimenko,Z"]
[Black "Landa,K"]
[Result "1/2-1/2"]
[WhiteElo "2557"]
[BlackElo "2621"]

1.e4 c5 2.Nf3 e6 3.Nc3 a6 4.d4 cxd4 5.Nxd4 b5 6.Bd3 Qb6 7.Nf3 Nc6 8.O-O Qb8
9.e5 Nxe5 10.Nxe5 Qxe5 11.Qf3 Qb8 12.Bf4 Bb7 13.Be4 Bxe4 14.Nxe4 Qd8 15.a4 b4
16.Nd6+ Bxd6 17.Bxd6 Ne7 18.Bxe7 Kxe7 19.Qg4 Qb6 20.Qxg7 Qc5  1/2-1/2

[Event "II Open"]
[Site "Poio ESP"]
[Date "2002.09.08"]
[Round "9"]
[White "Bjerring,K"]
[Black "Espineira Gonzalez,D"]
[Result "0-1"]
[WhiteElo "2263"]
[BlackElo "2194"]

1.e4 c5 2.Nf3 e6 3.Nc3 a6 4.d4 cxd4 5.Nxd4 Qc7 6.g3 Bb4 7.Ne2 Nf6 8.Bg2 Be7
9.O-O d6 10.h3 Nc6 11.Nd4 O-O 12.a4 Rb8 13.Re1 Rd8 14.g4 d5 15.exd5 Nb4 16.Qe2 Nfxd5
17.Nxd5 Nxd5 18.c3 b6 19.c4 Nb4 20.Be3 Bb7 21.Red1 Bxg2 22.Kxg2 Bf6 23.g5 Bxd4
24.Rxd4 Rxd4 25.Bxd4 Rd8 26.Rd1 Qc6+ 27.Kh2 Qd6+ 28.Kg2 Nc6  0-1

[Event "TCh-CRO"]
[Site "Medulin CRO"]
[Date "2002.09.10"]
[Round "2"]
[White "Krstic,U"]
[Black "Sax,G"]
[Result "0-1"]
[WhiteElo "2420"]
[BlackElo "2511"]

1.e4 c5 2.Nf3 e6 3.d4 cxd4 4.Nxd4 a6 5.Nc3 Qc7 6.Be2 b5 7.O-O Bb7 8.Bf3 d6
9.Re1 Nd7 10.a4 bxa4 11.Bg5 Ngf6 12.Rxa4 Be7 13.Nb3 O-O 14.Na5 Ne5 15.Be2 Bc8
16.Qa1 Bd7 17.Ra2 Rfb8 18.h3 Rb4 19.Bf1 Nc6 20.b3 Rb6 21.Nxc6 Rxc6 22.Nb5 Qb8
23.Nd4 Rc5 24.Bd2 e5 25.Nf5 Bxf5 26.exf5 e4 27.Rxa6 Rxa6 28.Qxa6 Rxc2 29.Bg5 d5
30.Rd1 Bc5 31.Bxf6 gxf6 32.Rxd5 Qf4 33.Qc8+ Kg7 34.Rxc5 Qxf2+ 35.Kh2 Rxc5
36.Qb8 Rxf5 37.Bc4 Rg5  0-1

[Event "TCh-CRO"]
[Site "Medulin CRO"]
[Date "2002.09.11"]
[Round "3"]
[White "Milu,R"]
[Black "Horvath,Cs"]
[Result "0-1"]
[WhiteElo "2442"]
[BlackElo "2517"]

1.e4 c5 2.Nf3 e6 3.d4 cxd4 4.Nxd4 a6 5.Nc3 Qc7 6.Bd3 Nf6 7.O-O Bc5 8.Nb3 Be7
9.f4 d6 10.Qf3 Nbd7 11.Bd2 b6 12.Rae1 Bb7 13.Qg3 g6 14.Qh3 h5 15.Re2 O-O-O
16.Be1 h4 17.a4 Kb8 18.Bd2 Nc5 19.Nxc5 bxc5 20.e5 Nh5 21.Be4 d5 22.Bf3 c4
23.Bxh5 Rxh5 24.Ree1 Qb6+ 25.Be3 d4 26.Bf2 Qxb2 27.Ne2 Qxc2 28.Nxd4 Qd3 29.Qxd3 cxd3
30.Rd1 h3 31.g4 Rhh8 32.Rxd3 Ka8 33.Rc1 Rd5 34.g5 Bc5 35.Rd2 Rhd8 36.Rcd1 Bc6
37.Nf3 Bb4 38.Rxd5 Rxd5 39.Rxd5 Bxd5 40.Nd4 Kb7 41.Be3 Bc6 42.Nb3 Bxa4 43.Nc5+ Bxc5
44.Bxc5 Kc6 45.Be7 a5 46.Bd8 Kb5 47.Kf2 Bc2 48.Ke3 Bf5 49.Kd2 a4 50.Kc1 Kc4
51.Kb2 Kd3 52.Ba5 Bg4 53.Bb4 Ke3 54.Kc2 Kxf4 55.Bc3 Kxg5 56.Kd2 Kf4 57.Kd3 Kf3
58.Bb2 Bf5+ 59.Kd2 g5  0-1

[Event "VI Pablo Gorbea Mem"]
[Site "Madrid ESP"]
[Date "2002.09.18"]
[Round "3"]
[White "Enjuto Velasco,R"]
[Black "Vilela,JL"]
[Result "1/2-1/2"]
[WhiteElo "2178"]
[BlackElo "2355"]

1.e4 c5 2.Nf3 e6 3.d4 cxd4 4.Nxd4 a6 5.Nc3 b5 6.g3 Bb7 7.Bg2 b4 8.Na4 Nf6
9.O-O Bxe4 10.Bxe4 Nxe4 11.Re1 Nf6 12.Qf3 d5 13.Bf4 Nbd7 14.c4 Nc5 15.Nxc5 Bxc5
16.Nc6 Qd7 17.Ne5 Qa7 18.cxd5 Nxd5 19.Nc6 Qd7 20.Ne5 Qa7 21.Nc6 Qd7 22.Ne5  1/2-1/2

[Event "VI Pablo Gorbea Mem"]
[Site "Madrid ESP"]
[Date "2002.09.18"]
[Round "3"]
[White "Fenollar Jorda,M"]
[Black "Spraggett,K"]
[Result "0-1"]
[WhiteElo "2240"]
[BlackElo "2533"]

1.e4 c5 2.Nf3 e6 3.d4 cxd4 4.Nxd4 a6 5.Nc3 Qc7 6.g3 Nf6 7.Bg2 Bc5 8.O-O d6
9.Be3 Nbd7 10.Qe2 O-O 11.Nb3 Bxe3 12.Qxe3 Ne5 13.Nd2 b5 14.f4 Neg4 15.Qd3 Qb6+
16.Kh1 Ne3 17.Rfe1 Nxg2 18.Kxg2 Bb7 19.Nd1 e5 20.c4 exf4 21.cxb5 axb5 22.gxf4 d5
23.e5 Nh5 24.Rf1 Ra4  0-1

[Event "VI Pablo Gorbea Mem"]
[Site "Madrid ESP"]
[Date "2002.09.19"]
[Round "4"]
[White "Almagro Llanas,P"]
[Black "Komljenovic,D"]
[Result "1-0"]
[WhiteElo "2290"]
[BlackElo "2459"]

1.e4 c5 2.Nf3 e6 3.d4 cxd4 4.Nxd4 a6 5.Nc3 b5 6.Bd3 Bb7 7.O-O d6 8.a4 b4
9.Na2 Nf6 10.Re1 d5 11.e5 Ne4 12.f3 Bc5 13.Be3 Qb6 14.a5 Qa7 15.Nxb4 Bxd4
16.Bb5+ axb5 17.Bxd4 Nc5 18.Nd3 Nba6 19.Nxc5 Nxc5 20.b4 Rc8 21.Bxc5 Qa6 22.Qd4 h5
23.Qh4 Rxc5 24.bxc5 Qc6 25.Qg5 Qxc5+ 26.Kh1 O-O 27.a6 Ba8 28.Qd2 Rc8 29.Reb1 h4
30.h3 d4 31.Rb4 Qxe5 32.Rxd4 Bd5 33.a7 Ra8 34.Qf4 Qxf4 35.Rxf4 g5 36.Rg4 f6
37.f4 Kf7 38.fxg5 f5 39.Rxh4 Kg6 40.Rd4 Kxg5 41.Rd3 f4 42.Rda3 Kf5 43.Ra5 Bc4
44.Ra6 Bd5 45.Rb6 Rg8 46.Rxb5  1-0

[Event "VI Pablo Gorbea Mem"]
[Site "Madrid ESP"]
[Date "2002.09.21"]
[Round "6"]
[White "Rodriguez Guerrero,E"]
[Black "Zapata,A"]
[Result "0-1"]
[WhiteElo "2324"]
[BlackElo "2549"]

1.e4 c5 2.Nf3 e6 3.d4 cxd4 4.Nxd4 a6 5.Nc3 b5 6.Bd3 d6 7.O-O Nf6 8.a4 b4
9.Nce2 Qb6 10.Re1 Be7 11.Be3 Qb7 12.Bd2 e5 13.Nf3 Nc6 14.c3 bxc3 15.Nxc3 Be6
16.Rc1 O-O 17.Qe2 Rfc8 18.Bg5 Nb4 19.Bb1 h6 20.Be3 Ng4 21.Bd2 Bc4 22.Qd1 Qa7
23.Be3 Nxe3 24.fxe3 Rc5 25.Qd2 Rac8 26.Kh1 Qb6 27.Red1 g6 28.Qf2 R5c7 29.Qd2 Rc6
30.h3 Qa7 31.Re1 Qb7 32.Red1 Bb3 33.Re1 Bd8 34.Rf1 Bc4 35.Rg1 Ba5 36.Qd1 Qa7
37.Re1 Qe7 38.Rg1 Kg7 39.Kh2 Qa7 40.Nd2 Be6 41.Qf3 Bd8 42.Rce1 Rxc3 43.bxc3 Rxc3
44.Re2 Qd7 45.Rge1 Qxa4 46.Nf1 Qc6 47.Rb2 a5 48.Ng3 Bg5 49.Nf1 Qc5 50.Qd1 Bc4
51.Rd2 Bb3 52.Qg4 Be6 53.Qd1 Bh4 54.Ng3 d5 55.exd5 Bxg3+ 56.Kxg3 Bxd5 57.Kh2 Bc6
58.Rf2 Rxe3  0-1

[Event "ECC"]
[Site "Halkidiki GRE"]
[Date "2002.09.22"]
[Round "1"]
[White "Atakisi,U"]
[Black "Sax,G"]
[Result "1/2-1/2"]
[WhiteElo "2361"]
[BlackElo "2511"]

1.e4 c5 2.Nf3 e6 3.d4 cxd4 4.Nxd4 a6 5.Nc3 Qc7 6.Bd3 Nf6 7.O-O Nc6 8.Be3 Nxd4
9.Bxd4 Bc5 10.Bxc5 Qxc5 11.Kh1 b5 12.a3 Bb7 13.f4 d6 14.Qe2 O-O 15.e5 dxe5
16.fxe5 Nd7 17.Rae1 Rae8 18.Bxh7+ Kxh7 19.Qd3+ Kg8 20.Qxd7 Bc6 21.Qd2 Rd8
22.Qf2 Qc4 23.Rd1 Qg4 24.Rd3 Rxd3 25.cxd3 Rd8 26.Qxf7+ Kh7 27.Ne4 Bxe4 28.dxe4 Rd2
29.Rg1 Rxb2 30.h3 Qg6 31.Qf3 Qg5 32.Qc3 Re2 33.Qd3 Re3 34.Qd6 Qh6 35.Rf1 a5
36.Qf8 Rxh3+ 37.gxh3 Qxh3+ 38.Kg1 Qg3+ 39.Kh1  1/2-1/2

[Event "1st Masters"]
[Site "Villeurbanne FRA"]
[Date "2002.09.22"]
[Round "2"]
[White "Masserey,Y"]
[Black "Gervasio,R"]
[Result "1-0"]
[WhiteElo "2327"]
[BlackElo "2347"]

1.e4 c5 2.Nf3 e6 3.d4 cxd4 4.Nxd4 a6 5.Nc3 Nc6 6.Be2 Nf6 7.O-O Qc7 8.Kh1 Nxd4
9.Qxd4 Bc5 10.Qd3 h5 11.f4 b5 12.e5 Ng4 13.Ne4 Bb7 14.Bf3 Bxe4 15.Qxe4 Rc8
16.Qe2 Nh6 17.Be4 g6 18.a4 Qb6 19.c3 Ng4 20.axb5 axb5 21.g3 Nf2+ 22.Rxf2 Bxf2
23.Kg2 Bc5 24.b4 Be7 25.Be3 Qc7 26.Bd4 Qc4 27.Qxc4 bxc4 28.Ra7 O-O 29.Rxd7 Rfe8
30.Bb7 Rcd8 31.Rxd8 Rxd8 32.b5 Kg7 33.Bc6 f5 34.b6 Bb4 35.b7 Ba5 36.Bb5 Rb8
37.Ba6 Bc7 38.Kf2 Kf7 39.Ke3 h4 40.Ba7 Rd8 41.Bxc4 Bb8 42.Bc5 Rd1 43.gxh4 Rb1
44.Ba6 Rb2 45.c4 Rxh2 46.Bd6 Ba7+ 47.c5 Ra2 48.Be2 Rb2 49.Bf3 Rc2 50.Kd3 Rf2
51.Be2  1-0

[Event "ECC"]
[Site "Halkidiki GRE"]
[Date "2002.09.23"]
[Round "2"]
[White "Gretarsson,A"]
[Black "Pinchuk,S"]
[Result "1/2-1/2"]
[WhiteElo "2313"]
[BlackElo "2425"]

1.e4 c5 2.Nf3 e6 3.d4 cxd4 4.Nxd4 a6 5.Nc3 Qc7 6.Be2 b5 7.f4 Bb7 8.Bf3 Nc6
9.Nxc6 Bxc6 10.Be3 d6 11.a3 Nf6 12.g4 Be7 13.Qe2 Qb7 14.Bd4 O-O 15.O-O Nd7
16.Qg2 b4 17.Ne2 e5 18.Be3 exf4 19.Nxf4 Ne5 20.Nd5 Bxd5 21.exd5 Bd8 22.Kh1 bxa3
23.bxa3 Rb8 24.Bd4 Nxf3 25.Qxf3 Bb6 26.Rab1 Qc7 27.Bxg7 Kxg7 28.Qf6+ Kg8
29.Rf5 Be3 30.Rg5+ Bxg5 31.Qxg5+ Kh8 32.Qf6+ Kg8  1/2-1/2

[Event "ECC"]
[Site "Halkidiki GRE"]
[Date "2002.09.24"]
[Round "3"]
[White "Socko,B"]
[Black "Adhami,V"]
[Result "1-0"]
[WhiteElo "2562"]
[BlackElo "2282"]

1.e4 c5 2.Nf3 a6 3.Nc3 e6 4.d4 cxd4 5.Nxd4 Qc7 6.Be2 Nf6 7.O-O Be7 8.f4 d6
9.Be3 Nbd7 10.Qe1 b5 11.Bf3 Bb7 12.a3 Nc5 13.Bf2 O-O 14.Rd1 Rfd8 15.Bh4 Ne8
16.Bg3 g6 17.Kh1 Bf8 18.Qf2 Bg7 19.e5 d5 20.Qe3 Bh6 21.Bf2 Rdc8 22.g4 Rab8
23.Bg3 Ba8 24.Qe1 Bf8 25.f5 Ng7 26.Bg2 Qd7 27.b4 Na4 28.Nxa4 bxa4 29.Rd3 Rc4
30.f6 Ne8 31.Bf4 Rxd4 32.Rxd4 Qc7 33.Rd3 Rc8 34.c3 Qc4 35.Qd2 Qb3 36.c4 Qxc4
37.Rc1 Qxc1+ 38.Qxc1 Rxc1+ 39.Bxc1 Bc6 40.Rc3 Bb5 41.Rc8 h6 42.Bf1 Bxf1 43.Rxe8 Bb5
44.Rd8 g5 45.Be3  1-0

[Event "ECC"]
[Site "Halkidiki GRE"]
[Date "2002.09.24"]
[Round "3"]
[White "Atakisi,U"]
[Black "Stohl,I"]
[Result "1-0"]
[WhiteElo "2361"]
[BlackElo "2556"]

1.e4 c5 2.Nf3 e6 3.d4 cxd4 4.Nxd4 a6 5.Nc3 d6 6.Bd3 b5 7.O-O Bb7 8.a3 Nf6
9.Kh1 Nbd7 10.f4 g6 11.f5 gxf5 12.exf5 Rg8 13.Ne4 Nxe4 14.fxe6 Ne5 15.Qe2 Qh4
16.exf7+ Nxf7 17.Rf4 Qe7 18.Bxe4 O-O-O 19.Bxb7+ Qxb7 20.Qe6+ Kb8 21.Nf3 Rg7
22.Bd2 Ka8 23.a4 Ne5 24.axb5 Rg6 25.Qb3 Bh6 26.Rxa6+ Kb8 27.Rfa4 Bxd2 28.Ra8+ Qxa8
29.Rxa8+ Kxa8 30.Qd5+ Ka7 31.Nxe5 Rf8 32.Qa2+  1-0

[Event "ECC"]
[Site "Halkidiki GRE"]
[Date "2002.09.25"]
[Round "4"]
[White "Borriss,M"]
[Black "Horvath,Ad"]
[Result "0-1"]
[WhiteElo "2439"]
[BlackElo "2476"]

1.e4 c5 2.Nf3 e6 3.d4 cxd4 4.Nxd4 a6 5.Nc3 Qc7 6.Be2 b5 7.f4 Bb7 8.Bf3 Nc6
9.Nxc6 Qxc6 10.Qe2 Rc8 11.a3 Bc5 12.e5 Qb6 13.Bxb7 Qxb7 14.Be3 Bxe3 15.Qxe3 Qxg2
16.O-O-O Ne7 17.Rhg1 Nf5 18.Qd3 Qc6 19.Kb1 O-O 20.Qxd7 Qc4 21.Qb7 Qxf4 22.Qxa6 Ne3
23.Rd3 Qxh2 24.Rc1 Nc4 25.Nxb5 Qxe5 26.Nd4 Rfd8 27.Rcd1 h5 28.b3 Na5 29.Nxe6 Re8
30.Nxg7 Qe2 31.R1d2 Qf1+ 32.Rd1 Qe2 33.Qxa5 Qxc2+ 34.Ka1 Ra8 35.Qb4 Re2 36.R3d2 Rxd2
37.Rxd2 Qc1+ 38.Ka2 Rxa3+ 39.Qxa3 Qxd2+ 40.Kb1 Qd1+ 41.Kb2 Qd4+ 42.Kc2 Kxg7
43.Qe7 Qf2+ 44.Kd1 Qg3 45.b4 h4 46.Qe4 h3 47.Ke2 h2 48.b5 Qg5 49.Qd4+ Kg8  0-1

[Event "ECC"]
[Site "Halkidiki GRE"]
[Date "2002.09.26"]
[Round "5"]
[White "Rudolf,Hen"]
[Black "Schammo,J"]
[Result "1-0"]
[WhiteElo "2348"]
[BlackElo "2205"]

1.e4 c5 2.Nf3 e6 3.d4 cxd4 4.Nxd4 a6 5.Nc3 b6 6.Be2 Bb7 7.O-O Qc7 8.f4 Bc5
9.Kh1 Nf6 10.Bf3 d5 11.exd5 exd5 12.Re1+ Kf8 13.Nf5 g6 14.Nxd5 Nxd5 15.Bxd5 gxf5
16.Bxb7 Qxb7 17.Qd8+ Kg7 18.Qg5+ Kf8 19.Qh6+  1-0

[Event "ECC"]
[Site "Halkidiki GRE"]
[Date "2002.09.26"]
[Round "5"]
[White "Horvath,Ta1"]
[Black "Rasmussen,C"]
[Result "1-0"]
[WhiteElo "2411"]
[BlackElo "2304"]

1.e4 c5 2.Nc3 e6 3.Nf3 a6 4.d4 cxd4 5.Nxd4 Qc7 6.g4 Bb4 7.Bd2 Nc6 8.Nxc6 dxc6
9.f4 Nf6 10.Qf3 b5 11.O-O-O Bb7 12.g5 Nd7 13.Kb1 Be7 14.h4 c5 15.Bh3 b4 16.Ne2 Qc6
17.f5 Ne5 18.Qg3 Qxe4 19.fxe6 f6 20.Nf4 Qf3 21.Qh2 Ng4 22.Bxg4 Qxg4 23.Rhg1 Qf5
24.Nh5 O-O-O 25.Nxg7 Qg6 26.Rdf1 Rhf8 27.Nf5 Qe8 28.gxf6 Rxf6 29.Bg5 Rxf5
30.Rxf5 Qh5 31.Rc1 Rd1 32.Qf2 Rxc1+ 33.Kxc1 Bd6 34.Rxc5+ Kb8 35.Bf4  1-0

[Event "ECC"]
[Site "Halkidiki GRE"]
[Date "2002.09.28"]
[Round "7"]
[White "Atlas,V"]
[Black "Timoscenko,G"]
[Result "1/2-1/2"]
[WhiteElo "2501"]
[BlackElo "2508"]

1.e4 c5 2.Nf3 e6 3.d4 cxd4 4.Nxd4 a6 5.Nc3 Qc7 6.g3 Bb4 7.Ne2 Nf6 8.Bg2 Be7
9.O-O O-O 10.a4 Nc6 11.Nf4 Rd8 12.Qe2 d6 13.Kh1 Bd7 14.b3 Ne5 15.Bb2 Rac8
16.Rfc1 Be8 17.h3 Ng6 18.Nd3 d5 19.e5 Nd7 20.f4 Nc5 21.h4 Bf8 22.h5 Ne7 23.g4 d4
24.Ne4 Nxe4 25.Bxe4 Bc6 26.Kg2 Nd5 27.Bxd5 Rxd5 28.Kg3 b5 29.Qf2 bxa4 30.bxa4 Qd7
31.Ba3 Bxa3 32.Rxa3 Bxa4 33.h6 Bb5 34.hxg7 Qe7 35.Rca1 Rc3 36.Rxc3 dxc3 37.Ne1 Qc5
38.Nf3 Qxf2+ 39.Kxf2 Kxg7 40.Ra3 Rc5 41.Ke3 Rc4  1/2-1/2

[Event "11th Monarch Assurance"]
[Site "Port Erin IOM"]
[Date "2002.09.28"]
[Round "1"]
[White "Collins,S"]
[Black "Goloshchapov,A"]
[Result "0-1"]
[WhiteElo "2313"]
[BlackElo "2544"]

1.e4 c5 2.Nf3 e6 3.Nc3 a6 4.d4 cxd4 5.Nxd4 Qc7 6.Be2 Nf6 7.O-O Nc6 8.Be3 Be7
9.f4 d6 10.Qe1 O-O 11.Qg3 Nxd4 12.Bxd4 b5 13.a3 Bb7 14.Rae1 Rad8 15.Bd3 e5
16.fxe5 Nh5 17.Qf2 dxe5 18.Bb6 Qc8 19.Kh1 Rd6 20.Be3 g6 21.Bh6 Rf6 22.Qe2 Re8
23.Rxf6 Bxf6 24.a4 Nf4 25.Qf3 bxa4 26.Nxa4 Bg7 27.Bxg7 Kxg7 28.b4 Ne6 29.Rf1 f5
30.Qg3 Nf4 31.Nc5 fxe4 32.Nxe4 Qc6 33.Qf3 Rf8 34.Nc5 Qxf3 35.gxf3 Nxd3 36.Ne6+ Kh6
37.Nxf8 Nxb4 38.Nd7 e4 39.Nc5 e3 40.Nxb7 Nxc2 41.Nc5 e2 42.Rc1 e1=Q+ 43.Rxe1 Nxe1
44.Nxa6 Kg5 45.Nc5 h5 46.Kg1 Nxf3+ 47.Kg2 Nd4 48.Nd3 Kf5 49.h3 g5 50.Kf2 Ne6
51.Kf3 Nf4 52.Nf2 Ng6 53.Nd3 Nh4+ 54.Ke3 Ng2+ 55.Kf3 Nf4 56.Nf2 Ng6 57.Nd3 Ne7
58.Nf2 Nc6 59.Nd3 Ne5+ 60.Nxe5 Kxe5 61.Ke3 Kf6 62.Kf2 Kg6 63.Kg2 Kg7 64.Kg1 Kf6
65.Kf2 Ke7 66.Ke3 Kd6 67.Kd4 Ke6 68.Ke4 Kf6 69.Kd3 Kf5 70.Ke3 Ke5 71.Kf3 Kd4
72.Ke2 Ke4 73.Kf2 Kf4 74.Kg2 Ke3 75.Kg3 h4+ 76.Kg4 Kf2 77.Kxg5 Kg3  0-1

[Event "EuYCh G18"]
[Site "Peniscola ESP"]
[Date "2002.09.29"]
[Round "1"]
[White "Vega Gutierrez,B"]
[Black "Sharevich,A"]
[Result "0-1"]
[WhiteElo "2012"]
[BlackElo "2145"]

1.e4 c5 2.Nf3 e6 3.d4 cxd4 4.Nxd4 a6 5.Nc3 b5 6.Bd3 Qb6 7.Nb3 Qc7 8.Be3 Bb7
9.f4 Nf6 10.Qf3 d6 11.O-O-O Nbd7 12.g4 b4 13.Ne2 d5 14.Ng3 Rc8 15.g5 Nxe4
16.Bxe4 dxe4 17.Qf2 Bd5 18.Rhe1 a5 19.Kb1 a4 20.Nd4 Qb7 21.Bc1 Nc5 22.Qe2 Be7
23.f5 e5 24.Qb5+ Bc6 25.Qxb7 Bxb7 26.Nb5 b3 27.cxb3 axb3 28.Nc3 bxa2+ 29.Kxa2 Nd3
30.Rg1 Nxc1+ 31.Rxc1 Bxg5 32.Rcd1 Be3 33.Rgf1 O-O 34.Ngxe4 Bxe4 35.Nxe4 Rc2
36.Rfe1 Bf4 37.h3 Rb8 38.Rb1 Ra8+ 39.Kb3 Rc6 40.Rbd1 Rb8+ 41.Ka2 Rc2 42.Rb1 f6
43.Ka3 Rh2 44.Rh1 Rc2 45.Ka2 Rc4 46.Nc3 Bd2  0-1

[Event "EuYCh G18"]
[Site "Peniscola ESP"]
[Date "2002.09.30"]
[Round "2"]
[White "Czaeczine,A"]
[Black "Roelli,C"]
[Result "0-1"]
[WhiteElo "2079"]
[BlackElo "2039"]

1.e4 c5 2.Nf3 e6 3.d4 cxd4 4.Nxd4 a6 5.Nc3 Qc7 6.Bd3 Nf6 7.Bg5 b5 8.f4 Qb6
9.Nb3 b4 10.Ne2 Rg8 11.g3 Bb7 12.Rf1 Nc6 13.Qd2 a5 14.c3 a4 15.Nbd4 Bc5  0-1

[Event "EuYCh B18"]
[Site "Peniscola ESP"]
[Date "2002.10.01"]
[Round "3"]
[White "Zaragatski,I"]
[Black "Zawadzki,S"]
[Result "0-1"]
[WhiteElo "2319"]
[BlackElo "2416"]

1.e4 c5 2.Nf3 e6 3.d4 cxd4 4.Nxd4 a6 5.Nc3 b5 6.Bd3 Qb6 7.Nb3 Qc7 8.O-O Bb7
9.f4 b4 10.Nb1 Nf6 11.Qe2 d5 12.e5 Nfd7 13.N1d2 Nc6 14.Nf3 Be7 15.Be3 g6
16.Nfd4 Nxd4 17.Nxd4 O-O 18.Rae1 Nc5 19.Kh1 Ne4 20.Qg4 Kh8 21.h4 h5 22.Qh3 Bc5
23.Nb3 Bxe3 24.Qxe3 Qe7 25.Qh3 a5 26.Nd4 Ba6 27.Bxa6 Rxa6 28.g4 Rg8 29.Kh2 hxg4
30.Qxg4 Rg7 31.Kg2 Rh7 32.Rh1 Rh5 33.Rh3 Ra8 34.Rd1 Rc8 35.Qe2 Rc4 36.Rdd3 Kg8
37.Qe1 Qc7 38.Qd1 a4 39.a3 bxa3 40.bxa3 Qb6 41.Qa1 Rxc2+ 42.Nxc2 Qf2+ 43.Kh1 Qxc2
44.Kg1 Nf2 45.Qc3 Nxh3+ 46.Rxh3 Qxc3 47.Rxc3 Rxh4 48.Rf3 g5  0-1

[Event "Eu Blitz Ch"]
[Site "Panormo GRE"]
[Date "2002.10.02"]
[Round "2"]
[White "Movsesian,S"]
[Black "Djuric,S"]
[Result "1-0"]
[WhiteElo "2651"]
[BlackElo "2490"]

1.e4 c5 2.Nf3 e6 3.Nc3 a6 4.d4 cxd4 5.Nxd4 Qc7 6.g3 Nf6 7.Bg2 Bb4 8.Ne2 Nc6
9.O-O O-O 10.h3 Rd8 11.a3 Be7 12.f4 d5 13.e5 Ne4 14.Nxe4 dxe4 15.Qe1 Bc5+
16.Kh2 e3 17.Nc3 Nd4 18.Be4 Bd7 19.Bxe3 Bc6 20.Qf2 Rac8 21.Rad1 Bxe4 22.Nxe4 Qc6
23.Nxc5 Nf5 24.g4 Nxe3 25.Qxe3 b6 26.Rxd8+ Rxd8 27.Ne4 Qxc2+ 28.Rf2 Qb1  1-0

[Event "11th Monarch Assurance"]
[Site "Port Erin IOM"]
[Date "2002.10.02"]
[Round "5"]
[White "Hinks Edwards,T"]
[Black "Gordon,S"]
[Result "1/2-1/2"]
[WhiteElo "2363"]
[BlackElo "2141"]

1.e4 c5 2.Nc3 e6 3.Nf3 a6 4.d4 cxd4 5.Nxd4 Qc7 6.Bd3 Nf6 7.O-O Be7 8.Kh1 O-O
9.f4 d6 10.Qe1 Nc6 11.Nxc6 bxc6 12.Ne2 Nd7 13.Ng3 Nc5 14.f5 exf5 15.exf5 Nxd3
16.cxd3 f6 17.Nh5 d5 18.Bf4 Bd6 19.Qg3 Bxf4 20.Rxf4 Rf7 21.Re1 Bd7 22.Rf2 Qxg3
23.Nxg3 Kf8 24.Kg1 Re8 25.Rxe8+ Kxe8 26.Re2+ Re7 27.Rxe7+ Kxe7 28.d4 a5 29.Kf2 Kd6
30.Ke3 g6 31.fxg6 hxg6 32.h4 Be8 33.Ne2 c5 34.dxc5+ Kxc5 35.Nd4 a4 36.Kd3 Kd6
37.Ke3 Bd7 38.Ne2 Ke5 39.Nd4 Kd6 40.Kd3 Ke5 41.g3 Kd6 42.b4 axb3 43.axb3 Bh3
44.b4 Bf1+ 45.Ke3 Bh3 46.Kf4 Bd7 47.g4 g5+ 48.hxg5 fxg5+ 49.Kxg5 Ke5 50.Nb3 d4
51.Kh5 Kd5 52.Nd2 Bxg4+ 53.Kxg4 Kc6  1/2-1/2

[Event "11th Monarch Assurance"]
[Site "Port Erin IOM"]
[Date "2002.10.03"]
[Round "6"]
[White "Felgaer,R"]
[Black "Rotstein,A"]
[Result "1-0"]
[WhiteElo "2509"]
[BlackElo "2557"]

1.e4 c5 2.Nf3 e6 3.d4 cxd4 4.Nxd4 a6 5.Nc3 b5 6.Bd3 Qb6 7.Nf3 Nc6 8.e5 f5
9.O-O Nge7 10.Bf4 Nb4 11.Be2 Nbd5 12.Bd2 Bb7 13.a4 Nxc3 14.Bxc3 Nd5 15.Bd4 Bc5
16.axb5 axb5 17.Rxa8+ Bxa8 18.Qd2 O-O 19.b4 Bxd4 20.Nxd4 Nc7 21.Nb3 Bd5 22.Nc5 Qc6
23.Ra1 Bxg2 24.Qxd7 Qxd7 25.Nxd7 Ra8 26.Rxa8+ Bxa8 27.Nc5 Kf7 28.f4 h6 29.h4 Bd5
30.Kf2 g5 31.hxg5 hxg5 32.Bh5+ Kg7 33.fxg5 Bc4 34.c3 Na8 35.Ke3 Nb6 36.Kd4 Nc8
37.Na6 Ne7 38.Nc7 Nc6+ 39.Kc5 Nxe5 40.Nxb5 Bf1 41.Nd4 Bc4 42.Kd6 Nd3 43.Nxe6+ Bxe6
44.Kxe6 Nf4+ 45.Kxf5 Nxh5 46.b5 Kf7 47.b6 Ng7+ 48.Kg4  1-0

[Event "ch-ESP Open"]
[Site "Ayamonte ESP"]
[Date "2002.10.04"]
[Round "1"]
[White "Lacasa Diaz,J"]
[Black "Garcia Albarracin,J"]
[Result "1-0"]
[WhiteElo "2424"]
[BlackElo "2105"]

1.e4 c5 2.Nf3 e6 3.Nc3 a6 4.d4 cxd4 5.Nxd4 b5 6.Bd3 Qb6 7.Nf3 Bb7 8.O-O Nf6
9.e5 Nd5 10.Nxd5 Bxd5 11.a4 b4 12.Ng5 h5 13.Qd2 Nc6 14.Qf4 Qd4 15.Qxf7+ Kd8
16.Qf4 Bc5 17.Nf7+ Kc7 18.Nxh8 Rxh8 19.Bxa6 Rf8 20.Qxd4 Bxd4 21.c3 bxc3 22.bxc3 Bxc3
23.Rb1 Bxe5 24.Be3 Bd4 25.Bxd4 Nxd4 26.Rfc1+ Bc6 27.Rc5 h4 28.h3 Ra8 29.Bb5 Kd6
30.Rg5 Nf5 31.Bd3 Bxa4 32.Bxf5 exf5 33.Rxg7 Bc2 34.Rc1 Be4 35.Rd1+ Bd5 36.Rh7 Rg8
37.f3 Ke5 38.Kf2 d6 39.f4+  1-0

[Event "EuYCh G18"]
[Site "Peniscola ESP"]
[Date "2002.10.05"]
[Round "6"]
[White "Meshcheriakova,E"]
[Black "Sharevich,A"]
[Result "1-0"]
[WhiteElo "2223"]
[BlackElo "2145"]

1.e4 c5 2.Nf3 e6 3.Nc3 a6 4.d4 cxd4 5.Nxd4 b5 6.Bd3 Qb6 7.Nf3 Nc6 8.O-O d6
9.Be3 Qc7 10.Qd2 Nf6 11.h3 Be7 12.Rfe1 O-O 13.Nd4 Bb7 14.f4 Nxd4 15.Bxd4 e5
16.Bf2 Rfe8 17.a4 b4 18.Na2 a5 19.c3 b3 20.Nc1 Bc6 21.Nxb3 Qb7 22.Qc2 Reb8
23.Nd2 exf4 24.Nc4 Re8 25.Nb6 Rad8 26.b4 Bf8 27.bxa5 Bxe4 28.Rxe4 Nxe4 29.a6 Qa7
30.Bxe4 Qxa6 31.Bxh7+ Kh8 32.Bd3 Qa5 33.Bb5 Re6 34.Nd5 Rb8 35.c4 f3 36.gxf3 Qd8
37.Kh2 Rh6 38.Rg1 Rh5 39.Qe4 Rh6 40.Rg4 g5 41.Qf5 f6 42.Bd4 Bg7 43.f4 gxf4
44.Rxf4 Qa5 45.Bc3 Qa7 46.Rg4 Rf8 47.Qd7 Qxd7 48.Bxd7 Rh7 49.Bf5 Rh5 50.Bd7 Kh7
51.Kg3 Rd8 52.Rxg7+  1-0

[Event "FSGM Oct"]
[Site "Budapest HUN"]
[Date "2002.10.06"]
[Round "2"]
[White "Antal,Ge"]
[Black "Szieberth,A"]
[Result "1-0"]
[WhiteElo "2465"]
[BlackElo "2371"]

1.e4 c5 2.Nf3 e6 3.d4 cxd4 4.Nxd4 a6 5.Nc3 b5 6.Bd3 Qb6 7.Be3 Bc5 8.Be2 Nc6
9.Nxc6 dxc6 10.Qd6 Bxd6 11.Bxb6 Rb8 12.Be3 Nf6 13.O-O-O Bc7 14.f3 O-O 15.Bc5 Re8
16.Bd6 Rb7 17.e5 Nd5 18.Ne4 Nf4 19.Rhe1 Ng6 20.Bf1 Bb6 21.g3 Rd7 22.f4 Bb7
23.Bc5 Rxd1+ 24.Rxd1 Bxc5 25.Nxc5 Bc8 26.Bg2 Ne7 27.Rd6 f6 28.Bxc6 Rf8 29.exf6 Rxf6
30.Bd7 Kf7 31.Bxc8 Nxc8 32.Rxa6 Rh6 33.h4 Rg6 34.Ne4  1-0

[Event "EuYCh G18"]
[Site "Peniscola ESP"]
[Date "2002.10.06"]
[Round "7"]
[White "Bronnikova,E"]
[Black "Meshcheriakova,E"]
[Result "0-1"]
[WhiteElo "2233"]
[BlackElo "2223"]

1.e4 c5 2.Nf3 a6 3.Nc3 e6 4.d4 cxd4 5.Nxd4 b5 6.Bd3 Qc7 7.O-O Bb7 8.Qe2 b4
9.Na4 Nf6 10.c3 Nc6 11.Bd2 Ne5 12.f3 Nxd3 13.Qxd3 Bd6 14.g3 Bxg3 15.f4 Bh4
16.e5 Ne4 17.cxb4 h5 18.Rac1 Qd8 19.Nc5 Nxc5 20.bxc5 Bd5 21.Nf5 O-O 22.b3 Bc6
23.Nd6 Be7 24.Qh3 g6 25.Rc3 Qa5 26.f5 Bxd6 27.exd6 Qxa2 28.Bh6 exf5 29.Rg3 Qb2
30.Qxf5 Qd4+ 31.Be3 Qe4 32.Qxe4 Bxe4 33.Bg5 Rfb8 34.Bd2 a5 35.Re1 Re8 36.Bg5 f5
37.Bd2 Kf7 38.Ra1 Re5 39.Rc3 Rd5 40.Be1 Rd4 41.Ra4 Rd1 42.Kf2 Bc6 43.Ra2 a4
44.Re3 axb3 45.Rxa8 Bxa8 46.Rxb3 Be4 47.Rb8 Rc1 48.Rb6 Rxc5 49.Ke3 Ke6 50.Bg3 Rc8
51.Bf4 h4 52.Kd4 Kf6 53.Ra6 g5 54.Be5+ Kg6 55.Ra7 Bc6 56.Ra3 f4 57.Kc5 Kf5
58.Kd4 Rb8 59.Ra5 Rb5 60.Rxb5 Bxb5 61.Bg7 g4  0-1

[Event "FSGM Oct"]
[Site "Budapest HUN"]
[Date "2002.10.07"]
[Round "3"]
[White "Todorovic,GM"]
[Black "Brustkern,J"]
[Result "1-0"]
[WhiteElo "2467"]
[BlackElo "2288"]

1.e4 c5 2.Nf3 e6 3.d4 cxd4 4.Nxd4 a6 5.Nc3 Qc7 6.Bd3 Nf6 7.f4 d6 8.Qf3 Be7
9.Be3 b5 10.g4 Bb7 11.O-O-O Nc6 12.Kb1 O-O-O 13.Rhe1 d5 14.e5 Nxd4 15.Bxd4 Nd7
16.Qe3 Bc5 17.a4 b4 18.Ne2 Kb8 19.Nc1 Bxd4 20.Qxd4 Qc5 21.Nb3 Qxd4 22.Nxd4 h5
23.f5 Nc5 24.g5 Rde8 25.f6 g6 26.Ne2 Rhg8 27.a5 Rd8 28.Nd4 Rd7 29.h4 Rc7
30.Re3 Ka7 31.Bf1 Rb8 32.Be2 Bc6 33.Bf3 Rbc8 34.c4 bxc3 35.Rxc3 Nd7 36.Re1 Bb7
37.Ree3 Rxc3 38.bxc3 Rc5 39.Nb3 Rc4 40.Nd4 Rc5 41.Kb2 Rxa5 42.Bxh5 gxh5 43.Nxe6 Ra4
44.Nd4 Nb6 45.g6 Nc4+ 46.Kb1 fxg6 47.f7 Nxe3 48.f8=Q  1-0